|
|
|
|
| LEADER |
00000nab a2200000 a 4500 |
| 001 |
vtls008953278 |
| 003 |
SK-MaSNL |
| 005 |
20260319071313.0 |
| 008 |
070308 2007 xo | |000 0|hun |
| 015 |
|
|
|a SNBRB2007/03
|
| 038 |
|
|
|a KEVKJB
|
| 040 |
|
|
|a KEVKJB
|b slo
|c KEVKJB
|e AACR2
|
| 041 |
0 |
|
|a hun
|
| 044 |
|
|
|a xo
|c SK
|
| 080 |
|
|
|a 358.4
|2 2001
|
| 080 |
|
|
|a 656.7
|2 2001
|
| 080 |
|
|
|a 725.945
|2 2001
|
| 245 |
0 |
0 |
|a Tisztelgés a Kastélykert-tetőn
|c [szerző] gyop
|
| 300 |
|
|
|b Fotogr.
|
| 650 |
0 |
7 |
|a letecké nehody
|2 SNKPH
|9 69420
|
| 650 |
0 |
7 |
|a slovenskí vojaci
|x vojenské jednotky
|z Kosovo (Srbsko)
|2 kevkjb
|9 311079
|
| 650 |
0 |
7 |
|a pamätníky
|z Hejce (Maďarsko)
|x základný kameň
|2 kevkjb
|9 1067472
|
| 651 |
|
7 |
|a Hejce (Maďarsko)
|2 kevkjb
|9 311080
|
| 773 |
0 |
|
|t Kassai Figyelő
|g Évf. V, sz. 2 (2007), o. 6
|
| 852 |
|
|
|a KEVKJB
|b KIS3GCP
|
| 958 |
|
|
|a HU
|
| 999 |
|
|
|c 1754619
|d 1756549
|